000 01449nam a2200349 i 4500
001 134475
003 ES-MaACL
005 20260118063015.0
007 ta
008 070911q1993 sp |001 d spa d
017 _aM 21891-1993
_bOficina Depósito Legal Madrid
022 _a1132-2233
040 _cES-MaACL
080 _a821.134.2-2"19"
100 1 _aLiddell, Angélica.
_972211
_eaut
245 1 0 _aPerro muerto en tintorería: los fuertes /
_cAngélica Liddell ; [introducción de Jesús Eguía Armenteros].
260 _a[Madrid] :
_bAteneo de Madrid, Cátedra Valle Inclán/Lauro Olmo,
_c[1993]
300 _a103 páginas ;
_c21 cm.
490 1 _aRevista Teatro. Colección Textos/Teatro ;
_v9
500 _aEn verso de portada: "...publicado por la Cátedra Valle Inclán/Lauro Olmo del Ateneo de Madrid y el Aula de Estudios Escénicos y Medios Audiovisuales de la Universidad de Alcalá..."
500 _aEl título de la serie varía
504 _aBibliografía: página 12
655 0 _aTeatro
_9234794
700 1 _aEguía Armenteros, Jesús.
_946744
_eaui
710 2 _aAteneo de Madrid.
_bCátedra Valle-Inclán
_eedt
_9137505
830 0 _aRevista Teatro (Ateneo de Madrid) ;
_v9
_9242694
852 _aES-MaACL
_bR.154276
_jN-8265/Ej.1
_cDEPOJ
_zX-44
_zDuplicado
_9199931
852 _aES-MaACL
_jN-1749
_cHEM
_9139348
942 _cMONOGRAFIA
_n0
999 _c134475
_d134475